| 000 | 00584nas a2200229Ia 4500 | ||
|---|---|---|---|
| 001 | dp5/20-43341 | ||
| 003 | IT-MiCISF | ||
| 005 | 20250707143123.0 | ||
| 008 | 161014c99999999xx |||||||||||| ||und|| | ||
| 040 |
_aIT-MiCISF _cIT-MiCISF |
||
| 041 | _ait | ||
| 100 |
_aPasini Giuseppe _962414 |
||
| 245 | 0 | _aUnioni di fatto | |
| 250 | _a"Testimoni", n. 4, febbraio | ||
| 260 | _c2007 | ||
| 300 | _app. 1-3 | ||
| 500 | _a convivenza, coppia, diritti-famiglia, pastorale-familiare | ||
| 650 | _aPastorale-familiare | ||
| 654 | _aarticolo | ||
| 942 |
_cCR _2ddc |
||
| 999 |
_c220518 _d220518 |
||
| 999 | _bSi | ||